Organizácia stavebných procesov I. : Kalendárne plánovanie
Gespeichert in:
| Hauptverfasser: | , |
|---|---|
| Format: | Buch |
| Sprache: | Slowakisch |
| Veröffentlicht: |
Bratislava :
SVŠT v Bratislave,
1982
|
| Ausgabe: | 4.vyd. |
| Tags: |
Keine Tags, Fügen Sie das erste Tag hinzu!
|
MARC
| LEADER | 00000nam a22000003a 4500 | ||
|---|---|---|---|
| 001 | stu95072 | ||
| 005 | 20150617225813.5 | ||
| 008 | 050719s1982----cs------------------slo-d | ||
| 040 | |a STU |b slo | ||
| 041 | 0 | |a slo | |
| 044 | |a cs | ||
| 080 | |a 624.05(075.8) | ||
| 080 | |a 69.05(075.8) | ||
| 100 | 1 | |a Synek, Vladimír |4 aut | |
| 245 | 1 | |a Organizácia stavebných procesov I. : |b Kalendárne plánovanie | |
| 250 | |a 4.vyd. | ||
| 260 | |a Bratislava : |b SVŠT v Bratislave, |c 1982 | ||
| 300 | |a 352 s.;schémy | ||
| 700 | 1 | |a Kulka, Pavol |4 aut | |
| 996 | |b 284V023299 |c V*22253/O-8805a |l VVT |s A |a 24 |w stu95072_0001 | ||